00824 2200301 4500001002100000005001500021035002000036007000300056040001700059100003500076245007300111250001000184300004400194020001800238041000800256082001000264084001600274090002400290264003900314336002100353337003000374338002300404650001400427850001000441008004100451990001500492990001500507INLIS00000000000962820260416013534 a0010-1222000233ta aSBPUPADbind0 aChibita Wiranegara;ePengarang1 aDahsyatnya Percaya Diri Total Self Confidence /cChibita Wiranegara, aCet.1 aviii, 112 hlm, :bilus. ;c105 x 150 mm a979-1709-63-7 aind a153.8 a153.8 WIR t a153.8 WIR t L 2 R 2 aYogyakarta :bNEW DIGLOSSIA,c2010 2rdacontentateks 2rdamediaatanpa perantara 2rdacarrieravolume 4aMotivasi, aPUPAD260416 0  a680/B/2013 a681/B/2013